Cyber-security education : (Record no. 37866)

MARC details
000 -LEADER
fixed length control field 01825cam a22001938i 4500
020 ## - INTERNATIONAL STANDARD BOOK NUMBER
ISBN 9780367421915
041 ## - LANGUAGE CODE
Language code of text/sound track or separate title eng-
082 00 - DEWEY DECIMAL CLASSIFICATION NUMBER
Classification number 005.8071
Item number CYB-
245 00 - TITLE STATEMENT
Title Cyber-security education :
Sub Title principles and policies /
Statement of responsibility, etc edited by Greg Austin.
260 ## - PUBLICATION, DISTRIBUTION, ETC. (IMPRINT)
Place of publication UK :
Name of publisher Routledge,
Year of publication 2021.
300 ## - PHYSICAL DESCRIPTION
Number of Pages xx, 226p.
504 ## - BIBLIOGRAPHY, ETC. NOTE
Bibliography, etc Includes bibliographical references and index.
520 ## - SUMMARY, ETC.
Summary, etc "This book investigates the goals and policy aspects of cyber-security education in the light of escalating technical, social and geopolitical challenges. The past ten years has seen a tectonic shift in the social and political significance of cyber-security education. Once the preserve of small groups of dedicated educators and industrial professionals, the subject is now on the frontlines of geopolitical confrontation and business strategy, and global shortages of talent have created pressures on corporate and national policy for workforce development. This book offers an updated approach to the security education problem as we enter the next decade of technological disruption and political threats. The contributors include scholars and education practitioners from leading research and education centres in Europe, North America and Australia. This book provides essential reference points for education policy on the new social terrain of security in cyberspace and aims to reposition global debates on what education for security in cyber space can and should mean. This book will be of interest to students of cyber-security, cyber education, and public policy generally, as well as practitioners and policymakers"--
546 ## - LANGUAGE NOTE
Language note English.
650 #0 - SUBJECT ADDED ENTRY--TOPICAL TERM
Topical Term Computer security
General subdivision Study and teaching.
650 #0 - SUBJECT ADDED ENTRY--TOPICAL TERM
Topical Term Computer networks
General subdivision Security measures
-- Study and teaching.
700 1# - ADDED ENTRY--PERSONAL NAME
Personal name Austin, Greg
Relator term editor.
942 ## - ADDED ENTRY ELEMENTS (KOHA)
Source of classification or shelving scheme Dewey Decimal Classification
Koha item type Books
Holdings
Withdrawn status Lost status Damaged status Not for loan Home library Current library Date acquired Source of acquisition Cost, normal purchase price Full call number Accession Number Cost, replacement price Price effective from Koha item type
        NASSDOC Library NASSDOC Library 16/03/2023 Overseas 0.00 005.8071 CYB- 53346 0.00 01/06/2023 Books